000 00292nam a22001337a 4500
008 170622b xxu||||| |||| 00| 0 eng d
020 _a0814321070
041 _aeng
080 _a32
100 _a20
101 _aSHP
245 _aSPORT, SOCIETY AND THE STATE
_cWILSON,J
942 _2udc
_cBK
999 _c18638
_d18638